| 000 | 01248cam a22003131 4500 | ||
|---|---|---|---|
| 001 | gs 05000190 | ||
| 003 | DLC | ||
| 005 | 20260227111300.0 | ||
| 007 | cr_||||||||||| | ||
| 007 | cr_||||||||||| | ||
| 008 | 791205s1901 mduab 000 0 eng c | ||
| 010 | _ags 05000190 | ||
| 035 | _a(OCoLC)5764751 | ||
| 040 |
_aLibrary. U. S. Geol. survey _cScU _dScU _dDLC |
||
| 042 | _apremarc | ||
| 050 | 0 | 0 |
_aF181 _b.M29 |
| 110 | 2 | _aMaryland Geological Survey | |
| 245 | 0 | 0 |
_aMaryland and its natural resources, _cprepared by the Maryland Geological survey. Wm. Bullock Clark, state geologist. |
| 260 |
_aBaltimore, _c1901. |
||
| 300 |
_a38 p. _billus., fold. map. _c23 cm. |
||
| 500 | _aAt head of title: Official publication of the Maryland commissioners Pan-American exposition. | ||
| 530 | _aAlso available in digital form on the Internet Archive Web site. | ||
| 530 | _aAlso available in digital form on the Internet Archive Web site. | ||
| 651 | 0 |
_aMaryland _xDescription and travel. |
|
| 710 | 1 |
_aMaryland. _bCommissioners to the Pan-American exposition. |
|
| 710 | 1 |
_aBuffalo (N.Y.). _bPan-American Exposition, 1901. |
|
| 856 | 4 | 1 | _uhttp://hdl.loc.gov/loc.gdc/scd0001.00143137077 |
| 856 | 4 | 1 | _uhttp://hdl.loc.gov/loc.gdc/scd0001.00143137119 |
| 999 |
_c24158 _d24158 |
||